000 00308nam a2200097Ia 4500
008 220120s9999||||xx |||||||||||||| ||und||
100 _aAdarsh, Adarsh, Lohith and Sunand
_912692
245 0 _aIP phone using raspberry Pi
260 _aCoorg Institute of Technology
_bPonnampet
_c2018
650 _aCIVIL ENGINEERING
999 _c138292
_d138292